[Event "Ruhrgebiet VL1 0304"]
[Site "Ruhrgebiet"]
[Date "2003.11.09"]
[Round "3.8"]
[White "Labuda, Markus"]
[Black "Ribbeck, Oliver"]
[Result "1-0"]
[WhiteElo "1971"]
[BlackElo "1941"]
[PlyCount "117"]
[EventDate "2003.09.28"]
[EventType "team"]
[EventRounds "9"]
[EventCountry "GER"]
[SourceTitle "EXT 2007"]
[Source "ChessBase"]
[SourceDate "2006.11.23"]
[SourceVersion "1"]
[SourceVersionDate "2006.11.23"]
[SourceQuality "1"]
[WhiteTeam "Oberhausen"]
[BlackTeam "Dortmund FS 98"]
[WhiteTeamCountry "GER"]
[BlackTeamCountry "GER"]

1. d4 e6 2. Nf3 Nf6 3. Bf4 c5 4. e3 Nc6 5. c3 d5 6. Nbd2 Be7 7. Bd3 0-0 8. Ne5 Bd7 9. h3 Rc8 10. Qb1 g6 11. Ndf3 cxd4 12. exd4 Nxe5 13. Nxe5 Nh5 14. Bh2 Be8 15. g4 Ng7 16. 0-0 Bd6 17. f4 f5 18. Qe1 Qb6 19. Rf2 Bb5 20. Bc2 a5 21. a4 Bc4 22. Nd7 Qd8 23. Nxf8 Kxf8 24. Qe3 Qb6 25. Re1 Bb3 26. Bg3 Bxc2 27. Rxc2 Be7 28. gxf5 gxf5 29. Rg2 Bf6 30. Qf2 Qd8 31. Kh1 Rc4 32. Ra1 Kf7 33. Rag1 Ne8 34. Qf3 Ke7 35. Qh5 Kd6 36. Qxh7 Rc7 37. Qh5 Re7 38. Bh4 Qd7 39. Bg5 Rh7 40. Qf3 Qxa4 41. Re2 Bh8 42. Rge1 Nc7 43. Bd8 Qb3 44. Bxc7+ Kxc7 45. Rxe6 Qxb2 46. Re7+ Rxe7 47. Rxe7+ Kc6 48. Rh7 Qc1+ 49. Kg2 Qd2+ 50. Qf2 Qxf2+ 51. Kxf2 Bxd4+ 52. cxd4 a4 53. Re7 b5 54. Ke2 a3 55. Kd2 b4 56. Kc2 Kb5 57. Kb3 a2 58. Ra7 a1N+ 59. Rxa1 1-0